00319nam a2200097Ia 4500082001700000245009000017100004700107942000700154008004100161999001900202 a646.4072 BER 0aMaak jou eie patrone : ['n maklike stap vir stap gids om meer as 60 patrone te maak]  a BERGH, Rene Kaapstad, 1995 97025 cBK210817s9999 xx 000 0 und d c404491d404490